000 00301nam a22001337a 4500
008 170915b xxu||||| |||| 00| 0 eng d
020 _a9780024143907
041 _aeng
080 _23 ED
_a7
100 _a44
101 _aART
245 _aREADINGS IN ART HISTORY
_cSPENCER.H
942 _2udc
_cBK
999 _c27837
_d27837